Theories of psychology: (Record no. 39307)
[ view plain ]
| 000 -LEADER | |
|---|---|
| fixed length control field | 01302cam a2200157 i 4500 |
| 020 ## - INTERNATIONAL STANDARD BOOK NUMBER | |
| ISBN | 9781634838771 |
| 082 00 - DEWEY DECIMAL CLASSIFICATION NUMBER | |
| Classification number | 150.1 |
| Item number | THE- |
| 245 00 - TITLE STATEMENT | |
| Title | Theories of psychology: |
| Sub Title | fundamentals, applications and future directions/ |
| Statement of responsibility, etc | edited by Celia Higgins |
| 260 ## - PUBLICATION, DISTRIBUTION, ETC. (IMPRINT) | |
| Place of publication | New York: |
| Name of publisher | Nova, |
| Year of publication | 2015. |
| 300 ## - PHYSICAL DESCRIPTION | |
| Number of Pages | ix, 85p. |
| Other physical details | Index |
| 500 ## - GENERAL NOTE | |
| General note | Includes index. |
| 520 ## - SUMMARY, ETC. | |
| Summary, etc | This book provides fundamentals, applications and future directions of several theories of psychology. The first chapter focuses the classification of narcissism and argues multiple parallels between narcissistic behaviors and documented responses to justice threat. Chapter two examines if individuals who report living on following a gluten-free diet adhere across a typical week, and the behaviors involved in adhering to this specific diet. The purpose of chapter three is to study the effectiveness of a best possible physical activity intervention on perceived psychological need satisfaction, well-being, and physical activity. The final chapter examines the nature of the portrayal of African-American women athletes in popular magazines to understand the gendered and cultural messages that are sent about their sport and PA participation. |
| 650 #0 - SUBJECT ADDED ENTRY--TOPICAL TERM | |
| Topical Term | Psychology |
| General subdivision | Philosophy. |
| 700 1# - ADDED ENTRY--PERSONAL NAME | |
| Personal name | Higgins, Celia |
| Relator term | editor. |
| 942 ## - ADDED ENTRY ELEMENTS (KOHA) | |
| Source of classification or shelving scheme | Dewey Decimal Classification |
| Koha item type | Books |
| Withdrawn status | Lost status | Damaged status | Not for loan | Home library | Current library | Date acquired | Source of acquisition | Cost, normal purchase price | Bill Date | Full call number | Accession Number | Cost, replacement price | Price effective from | Koha item type |
|---|---|---|---|---|---|---|---|---|---|---|---|---|---|---|
| NASSDOC Library | NASSDOC Library | 21/03/2024 | Overseas Press India Private Limited | 5148.71 | 20-03-2024 | 150.1 THE- | 54393 | 7921.10 | 24/05/2024 | Books |
